Ostrovania z Karibiku idú do Bratislavy miništátik Svätý Krištof a Nevis si chce u nás ...

Bibliographic Details
Main Author: Kováčová, Martina (Author)
Format: Article
Language:Slovak
PhysicalDescription:Mp.
ISSN:1335-440X
Subjects:

MARC

LEADER 00000nab a2200000 ar4500
001 vtls010059741
003 SK-MaSNL
005 20260426071333.0
008 100202c20091001xo dr|n|||||||000 b|slo
015 |a SNBRB2010/02  |2 snkbucl 
040 |a SNKBUCL  |b slo  |c SNKBUCL  |e AACR2 
041 0 |a slo 
044 |a xo  |c SK 
080 |a 327  |x (437.6:100)  |2 2001 
080 |a 341.71  |x (100:437.6)  |2 2001 
100 1 |a Kováčová, Martina  |4 aut  |9 267936 
245 1 0 |a Ostrovania z Karibiku idú do Bratislavy  |b miništátik Svätý Krištof a Nevis si chce u nás ...  |c Martina Kováčová 
300 |b Mp. 
650 0 7 |a zahraničná politika  |2 snkbucl  |9 971 
650 0 7 |a diplomacia  |2 snkbucl  |9 1254 
650 0 7 |a zahraničné veľvyslanectvá  |2 snkbucl  |9 1325939 
651 7 |a Slovensko  |2 snkbucl  |9 14231 
651 7 |a Svätý Krištof a Nevis  |2 snkbucl  |9 131928 
773 0 |t Sme  |g Roč. 17, č. 226 (1.10.2009), s. 4  |x 1335-440X 
852 |a SNK  |b KIS3GCP 
958 |a SK 
999 |c 2677550  |d 2679480